|
|
|
|
| LEADER |
01852nam a2200409 a 4500 |
| 001 |
36624 |
| 003 |
BD-DhAAL |
| 005 |
20191120124257.0 |
| 008 |
191120t2002 sz a b 000 0 eng d |
| 999 |
|
|
|c 41857
|d 41857
|
| 010 |
|
|
|a 2003437892
|
| 020 |
|
|
|a 9290850396
|
| 035 |
|
|
|a (OCoLC)ocm51228879
|
| 040 |
|
|
|a EQO
|c EQO
|d DLC
|d BD-DhAAL
|
| 042 |
|
|
|a lccopycat
|
| 043 |
|
|
|a f-mr---
|a a-bg---
|
| 050 |
0 |
0 |
|a HD6073.T42
|b B38 2002
|
| 082 |
0 |
0 |
|a 331.487700964
|2 21
|
| 245 |
0 |
0 |
|a Women's employment in the textile manufacturing sectors of Bangladesh and Morocco /
|c edited by Carol Miller and Jessica Vivian.
|
| 260 |
|
|
|a Geneva :
|b United Nations Research Institute for Social Development,
|c 2002.
|
| 300 |
|
|
|a xi, 264 pages :
|b illustrations
|c 20 cm.
|
| 500 |
|
|
|a "This United Nations Research Institute for Social Development (UNRISD) book has been prepared with the support of the United Nations Development Programme (UNDP)"--Prelim.
|
| 504 |
|
|
|a Includes bibliographical references.
|
| 526 |
|
|
|a ESS
|
| 541 |
|
|
|a Complimentary copy from Professor Dr. Nasreen Khundker
|e 36624
|
| 650 |
|
0 |
|a Women textile workers
|z Bangladesh.
|9 37443
|
| 650 |
|
0 |
|a Women textile workers
|z Morocco.
|9 37444
|
| 650 |
|
0 |
|a Textile industry
|z Bangladesh.
|9 37445
|
| 650 |
|
0 |
|a Textile industry
|z Morocco.
|9 37446
|
| 650 |
|
0 |
|a Economics
|9 37447
|
| 700 |
1 |
|
|a Miller, Carol.
|9 37448
|
| 700 |
1 |
|
|a Vivian, Jessica M.,
|d 1960-
|9 37449
|
| 710 |
2 |
|
|a United Nations Research Institute for Social Development.
|9 37450
|
| 710 |
2 |
|
|a United Nations Development Programme.
|9 37451
|
| 852 |
|
|
|a Ayesha Abed Library
|c General Stacks
|
| 942 |
|
|
|2 ddc
|c BK
|
| 952 |
|
|
|0 0
|1 0
|2 ddc
|4 0
|6 331_487700964000000_WOM
|7 0
|9 67225
|a BRACUL
|b BRACUL
|c GEN
|d 2019-11-20
|e Complimentary copy from Professor Dr. Nasreen Khundker
|l 1
|o 331.487700964 WOM
|p 3010036624
|r 2024-01-27
|s 2024-01-23
|t 1
|w 2019-11-20
|y BK
|